| 000 | 01517nmm a2200421 a 4500 | ||
|---|---|---|---|
| 001 | ocm0001732572 | ||
| 003 | TR-IsHL | ||
| 005 | 20201028171107.0 | ||
| 008 | 180219s2017 tu eng | ||
| 007 | cr cn | ||
| 020 | _a9786052259030 | ||
| 035 |
_a1732572 _b(N$T) |
||
| 050 | 0 | 4 |
_aPR4572 _b.C68 2017 |
| 090 | 0 | 4 |
_aPR4572 _b.C68 2017 |
| 100 | 1 | _aDickens, Charles | |
| 245 | 1 | 0 |
_aA christmas Carol: a ghost story of christmas _h[electronic resource] / _cCharles Dickens ; illustrated by John Leech |
| 260 |
_aİstanbul : _be-Kitap Projesi & Cheapest Books, _c2017 |
||
| 300 | _a138 p. | ||
| 650 | 4 | _aDil ve Edebiyat | |
| 650 | 4 | _aLanguage and Literature | |
| 650 | 0 |
_aScrooge, Ebenezer (Hayali karakter) _x Roman |
|
| 650 | 0 |
_aScrooge, Ebenezer (Fictitious character) _x Fiction |
|
| 650 | 0 |
_aFakir aileler _x Roman |
|
| 650 | 0 |
_aPoor families _x Fiction |
|
| 650 | 0 |
_aHasta çocukjlar _x Roman |
|
| 650 | 0 |
_aSick children _x Fiction |
|
| 650 | 0 | _aNoel hikayeleri | |
| 650 | 0 | _aChristmas stories | |
| 650 | 0 | _aHayalet hikayeleri | |
| 650 | 0 | _aGhost stories | |
| 650 | 0 |
_aLondra _x (İngiltere) _x Roman |
|
| 650 | 0 |
_aLondon (England) _x Fiction |
|
| 650 | 0 |
_aİngiltere _x Sosyal koşullar _x Roman |
|
| 650 | 0 |
_aEngland _x Social conditions _x Fiction |
|
| 650 | 7 |
_aLITERARY COLLECTIONS / European / English, Irish, Scottish, Welsh _2bisacsh |
|
| 700 | 1 | _aLeech, John | |
| 856 | 4 | 0 | _uhttp://search.ebscohost.com/login.aspx?direct=true&scope=site&db=e011xww&AN=1732572 |
| 999 |
_c16613 _d16613 |
||